| 000 | 00000nam##2200000za#4500 |
| 001 | 9.579179 |
| 003 | CaOODSP |
| 005 | 20210624190436 |
| 007 | cr ||||||||||| |
| 008 | 150406|1998||||xxc|||||o f|0| 0 eng|d |
| 022 | |a1488-5379 |
| 040 | |aCaOODSP|beng |
| 043 | |an-cn--- |
| 086 | 1 |aFs97-6/2241E-PDF |
| 110 | 1 |aCanada. |bDepartment of Fisheries and Oceans. |
| 245 | 10|aAssessment of sockeye salmon production in Babine Lake, British Columbia with forecast for 1998 / |h[electronic resource]|cby C.C. Wood ... [et al.] |
| 260 | |aCultus Lake - British Columbia : |bFisheries and Oceans Canada |c1998. |
| 300 | |a58p.|bfigs., references, tables |
| 490 | 1 |aCanadian technical report of fisheries and aquatic sciences|x1488-5379|vNo. 2241 |
| 500 | |aOn t.p.: Science Branch, Pacific Region, Nanaimo, British Columbia. The catalogue number and ISSN for the print edition appear in the PDF version. |
| 546 | |a(Résumé en français) |
| 590 | |a14-06-Supp|b2014-03-21 |
| 830 | #0|aCanadian technical report of fisheries and aquatic sciences,|x1488-5379|vNo. 2241|w(CaOODSP)9.504449 |
| 856 | 40|ahttp://publications.gc.ca|qPDF|s3419 KB|uhttps://publications.gc.ca/collections/collection_2014/mpo-dfo/Fs97-6-2241-eng.pdf|yNo. 2241 |